000 00731nam a2200253Ia 4500
003 OSt
005 20220918214421.0
006 a|||||r|||| 00| 0
007 ta
008 220917b |||||||| |||| 00| 0 eng d
024 _a137,384
037 _cTextual
040 _aARTS
_cARTS
_beng
041 _2eng
_aeng
082 _aY:348(NA,3), M3
100 _aSkinner R J Ed
_9131238
245 0 _aPeople poverty and shelter
_b Problems of self help housing in the third world
260 _aLondon
_bMethuem
_c1983
300 _ax, 195p.
_ccm.
650 _aSOCIOLOGY
700 _a Rodell M J Ed
_9131239
942 _hY:348(NA,3), M3
_cTEXL
_2CC
999 _c260465
_d260465